| 000 | 006700000a22002050004500 | ||
|---|---|---|---|
| 003 | LK-CoMWRAF | ||
| 005 | 20231024152937.0 | ||
| 008 | 230817t2002 ||||| |||| 00| 0 eng d | ||
| 020 | _a9559391028 | ||
| 040 |
_aLK-CoMWRAF _dLK-CoMWRAF _eLK-CoMWRAF |
||
| 041 | _aeng | ||
| 082 |
_a331.88 _bKAN |
||
| 100 | _aKandasamy, Menaha Vijayaluxmy | ||
| 245 |
_aThe Struggle Continues--: _bWomen's Leadership In Plantation Trade Unions In Sri Lanka |
||
| 260 |
_aKandy: _bInstitute of Social Development _c2002 |
||
| 300 |
_axii, 82 p. : maps ; 23 cm. _bBibliography included |
||
| 650 | _aWOMEN LABOUR LEADERS-SRI LANKA | ||
| 650 | _aPlantation workers -Sri Lanka | ||
| 942 | _cBK | ||
| 999 |
_c463 _d463 |
||